Billboard's Top Artists of the 2010s - Statistics

General Stats
  • This quiz has been taken 141 times
  • The average score is 52 of 100
Answer Stats
Rank Artist % Correct
2 Taylor Swift
95%
1 Drake
93%
4 Rihanna
91%
7 Justin Bieber
90%
23 Beyoncé
89%
8 Katy Perry
88%
11 Lady Gaga
88%
5 Adele
84%
16 Eminem
83%
15 Nicki Minaj
83%
3 Bruno Mars
82%
12 Ariana Grande
79%
19 One Direction
78%
9 Maroon 5
77%
6 Ed Sheeran
76%
53 Kanye West
76%
35 Cardi B
75%
55 Miley Cyrus
75%
39 JAY-Z
74%
13 Imagine Dragons
72%
20 Justin Timberlake
72%
14 The Weeknd
72%
21 Kendrick Lamar
71%
38 Selena Gomez
71%
10 Post Malone
70%
71 Britney Spears
69%
42 Usher
69%
66 Billie Eilish
68%
43 Coldplay
68%
46 Flo Rida
65%
29 Lil Wayne
65%
45 Pitbull
65%
87 Camila Cabello
63%
70 Calvin Harris
59%
59 Kelly Clarkson
59%
30 Chris Brown
58%
84 Demi Lovato
57%
56 Carrie Underwood
55%
25 Sam Smith
55%
27 Florida Georgia Line
54%
26 Kesha
53%
17 Luke Bryan
53%
33 Khalid
51%
60 OneRepublic
51%
32 Travis Scott
51%
41 J. Cole
50%
51 Halsey
49%
22 Lady A
49%
18 P!nk
49%
57 Wiz Khalifa
49%
76 David Guetta
48%
52 Lorde
48%
34 Shawn Mendes
48%
31 Blake Shelton
46%
40 Meghan Trainor
46%
80 Pharrell Williams
46%
65 fun.
45%
78 Ellie Goulding
44%
77 U2
44%
64 Juice WRLD
43%
95 Thomas Rhett
43%
68 DJ Khaled
42%
58 Migos
42%
90 Miranda Lambert
42%
49 Jason Derulo
41%
97 Keith Urban
41%
100 Paul McCartney
41%
85 Sam Hunt
41%
73 Sia
41%
81 The Rolling Stones
41%
94 21 Savage
40%
92 John Legend
40%
54 Kenny Chesney
39%
28 twenty one pilots
39%
69 Chris Stapleton
36%
44 The Black Eyed Peas
36%
62 XXXTENTACION
36%
61 Macklemore & Ryan Lewis
35%
89 Panic! at the Disco
34%
24 Jason Aldean
33%
88 Lil Uzi Vert
33%
67 LMFAO
32%
50 The Chainsmokers
32%
93 B.o.B
31%
36 Future
31%
47 Michael Bublé
31%
99 5 Seconds of Summer
30%
63 Eric Church
30%
48 Zac Brown Band
30%
86 Big Sean
28%
83 Trey Songz
27%
91 Bruce Springsteen
26%
82 Train
26%
98 Bon Jovi
24%
79 The Lumineers
24%
74 Pentatonix
23%
96 Meek Mill
22%
75 Kidz Bop Kids
20%
72 Fetty Wap
19%
37 Mumford & Sons
18%
No matching quizzes found
Score Distribution
Percent of People with Each Score
Percentile by Number Answered
Your Score History
You have not taken this quiz